South Africa the road ahead (Record no. 417735)

000 -LEADER
fixed length control field 00400cam a22001217a 4500
008 - FIXED-LENGTH DATA ELEMENTS--GENERAL INFORMATION
fixed length control field 180718b1960 xxu||||| |||| 00| 0 eng d
082 ## - DEWEY DECIMAL CLASSIFICATION NUMBER
Classification number B1241x68 Sp69
100 ## - MAIN ENTRY--PERSONAL NAME
Personal name Spottiswoode, Hildegarde
245 ## - TITLE STATEMENT
Title South Africa the road ahead
Statement of responsibility, etc. by Hildegarde Spottiswoode
260 ## - PUBLICATION, DISTRIBUTION, ETC.
Place of publication, distribution, etc. London
Name of publisher, distributor, etc. Bailey Bros.
Date of publication, distribution, etc. 1960
300 ## - PHYSICAL DESCRIPTION
Extent 248p
650 ## - SUBJECT ADDED ENTRY--TOPICAL TERM
Topical term or geographic name entry element South Africa -Race relations.South Africa -Politics and government.
Holdings
Withdrawn status Lost status Damaged status Not for loan Permanent Location Current Location Date acquired Full call number Barcode Date last seen Price effective from Koha item type
        Indian Institute of Public Administration Indian Institute of Public Administration 2009-03-27 B1241x68 Sp69 23557 2018-07-21 2018-07-21 Book

Powered by Koha